000 00552nam a2200169Ia 4500
003 GCL
008 140319s9999 xx 000 0 ara d
040 _aGCL /
_cGCL
082 0 4 _a891.7
_bغ و
100 1 _aبهيج شعبان (مترجم)
245 1 0 _aوراء الرغيف (هدية من الاديب عبدالفتاح الجمل ) /
_cبهيج شعبان (مترجم)
700 1 _aغوركى، مكسيم
490 _aقصص انسانيه
_v0
650 0 4 _aالادب الروسى
650 0 4 _aالقصص الروسية
942 _2ddc
_cBK
999 _c40898
_d40898